000 00859nam a2200193 i 4500
001 155871
003 ES-MaACL
005 20250828044643.0
008 981201s1884 sp |||| | spa d
040 _aCCPB | B
_bspa
_cCCPB | B
100 1 _aLa Iglesia y Carnicero, Eugenio de.
_9128153
245 1 3 _aLa educación militar de la juventud y su necesidad en España /
_cpor el Coronel Comandante Don Eugenio de Laiglesia y Carnicero con una carta prólogo escrita por el Comandante Don Federico de Madariaga [y Suarez].
260 _aMadrid :
_b[s.n.],
_c1884 (
_fTipografía de Diego Pacheco)
300 _aXXXI, 238, [1] p. ;
_c18 cm.
650 7 _aEnseñanza militar
_2embne
_912302
700 1 1 _aMadariaga, Federico.
_9129312
852 _aES-MaACL
_jF-8758
_z-- Enc. pasta española
_x-- Edic.: añadir en T300 XXXI, 238 p.
999 _c155871
_d155871